• 首页
  • 本馆介绍
  • 公告通知
  • 最新文献
  • 馆藏检索
  • 电子资源
  • 读者导购
  • 参考咨询
  • 我的图书馆
  • 登录
  • 详细信息显示
  • 放入我的书架
  • 预约/预借图书
  • 作者相关作品
  • 分类相关作品
  • 丛书相关作品
  • 出版社相关作品

书目信息

  • 表格格式
  • 工作单格式
  • 卡片格式
题名:
爱与思
    
 
作者: 刘莘, 著
分册:  
出版信息: 桂林   广西师范大学出版社  2021.01
页数: 336页
开本: 21cm
丛书名: 刘教授经典导读
单 册:
中图分类:
科图分类:
主题词: 儿童文学--文学欣赏--世界 , 文学--世界
电子资源:
ISBN: 978-7-5598-3286-3
000 01072nam 2200301 450
001 2354980905
005 20231123063334.45
010    @a978-7-5598-3286-3@dCNY38.00
100    @a20210428d2021 cemy0chiy50 ea
101 0  @achi
102    @aCN@b450000
105    @aa z 000yy
106    @ar
200 1  @a爱与思@e儿童文学经典解读@f刘莘著
210    @a桂林@c广西师范大学出版社@d2021.01
215    @a336页@c图@d21cm
225 2  @a刘教授经典导读
314    @a刘莘, 四川大学哲学与教育学教授, 成都市政府督学, 超星集团学术顾问。
330    @a本书挑选了十部脍炙人口的儿童文学名著和一部儿童哲学名著进行解读, 每一篇都包含一篇“读前引导”和两篇或多篇“读后引导”。“读前引导”是为尚未阅读过原著的读者而创作, 以尽可能少的剧透去调动读者阅读原著的兴趣。每一篇“读后引导”都有明确的主题。
410  0 @12001 @a刘教授经典导读
517 1  @a儿童文学经典解读
606 0  @a儿童文学@x文学欣赏@y世界
606 0  @a文学@x世界
690    @a@v5
690    @aI106.8@v4
701  0 @a刘莘,@f1968-@4著
801  0 @aCN@b安徽时代出版发行有限公司@c20210428
905    @dI106.8@e332
    
    爱与思:儿童文学经典解读/刘莘著.-桂林:广西师范大学出版社,2021.01
    336页:图;21cm.-(刘教授经典导读)
    
    
    ISBN 978-7-5598-3286-3:CNY38.00
    本书挑选了十部脍炙人口的儿童文学名著和一部儿童哲学名著进行解读, 每一篇都包含一篇“读前引导”和两篇或多篇“读后引导”。“读前引导”是为尚未阅读过原著的读者而创作, 以尽可能少的剧透去调动读者阅读原著的兴趣。每一篇“读后引导”都有明确的主题。
●
相关链接 在E读中查询图书 在五车中查询图书 在当当中查询图书 在豆瓣中查询图书


正题名:爱与思     索取号:I106.8/332         预约/预借

序号 登录号 条形码 馆藏地/架位号 状态 备注
1 1411082   214110825   第一样本阅览室/ [索取号:I106.8/332] 在馆    
2 1411083   214110834   教育系资料室/ [索取号:I106.8/332] 在馆    
3 1411084   214110843   教育系资料室/ [索取号:I106.8/332] 在馆    
4 1411085   214110852   第二借阅区/ [索取号:I106.8/332] 在馆    
5 1411086   214110861   第二借阅区/ [索取号:I106.8/332] 在馆    
唐山师范学院图书馆 欢迎您!
大连网信软件有限公司© 版权所有